Macro-economic planning with conflicting goals proceedings of a workshop held at the vrije universiteit of Brussels Belgium, december 10, 1982
Salvato in:
| Natura: | Libro |
|---|---|
| Lingua: | inglese |
| Pubblicazione: |
Berlin
Springer
1984
|
| Serie: | Lecture notes in economics and mathematical systems
230 |
| Tags: |
Nessun Tag, puoi essere il primo ad aggiungerne!!
|
MARC
| LEADER | 00000nam a2200000 4500 | ||
|---|---|---|---|
| 001 | c108187 | ||
| 005 | 20241014102131.4 | ||
| 041 | 0 | |a eng | |
| 044 | |a DE | ||
| 245 | 1 | 0 | |a Macro-economic planning with conflicting goals |b proceedings of a workshop held at the vrije universiteit of Brussels Belgium, december 10, 1982 |c Herausgegeben von N. Despontin |
| 264 | 1 | |a Berlin |b Springer |c 1984 | |
| 300 | |a 297 s. | ||
| 490 | 1 | |a Lecture notes in economics and mathematical systems |v 230 | |
| 830 | 0 | |a Lecture notes in economics and mathematical systems |v 230 | |